| 000 | 00895nam a2200217Ia 4500 | ||
|---|---|---|---|
| 003 | GCL | ||
| 008 | 140319s9999 xx 000 0 ara d | ||
| 020 | _a7095320977 | ||
| 040 |
_aGCL / _cGCL |
||
| 082 | 0 | 4 |
_a341.23 _bا س |
| 100 | 1 | _aايمرى، لويس | |
| 245 | 1 | 0 |
_aسباق مع الزمن : _bأفكار الأمم المتحدة فى مواجهة التحديات العالمية / _cايمرى، لويس |
| 700 | 1 | _aجولى، ريتشارد | |
| 250 | _aالاولى | ||
| 260 |
_aالقاهرة : _bمركز الاهرام للترجمة والنشر ، _c2003 |
||
| 300 |
_a257 ص ؛ _c24 سم |
||
| 650 | 0 | 4 | _aالتنمية الاقتصادية |
| 650 | 0 | 4 | _aالولايات المتحدة الامريكية - الاحوال الاقتصادية |
| 650 | 0 | 4 | _aالولايات المتحدة الامريكية - التنمية الاقتصادية |
| 942 |
_2ddc _cBK |
||
| 999 |
_c6535 _d6535 |
||